00391nam a2200157Ia 4500008004100000020001500041082001500056100001600071245003600087250000900123260002700132300001400159500002400173650001500197700002100212230524s9999 xx 000 0 und d a8125916075 a174.4bSHE aK.C.Shekhar 0a"Banking Theory and Practice, " a19TH aNEW DELHIbVikasc2008 aXVIII;601 aQuantity Number: 2 aManagement a Lekshmy Shekhar